Online
Catalog

La ventana de papel : (Record no. 2647)

MARC details
000 -CABECERA
campo de control de longitud fija 00620cam a2200193 a 4500
001 - NÚMERO DE CONTROL
campo de control 000002813
005 - FECHA Y HORA DE LA ÚLTIMA TRANSACCIÓN
campo de control 20200929150249.0
008 - DATOS DE LONGITUD FIJA--INFORMACIÓN GENERAL
campo de control de longitud fija 780822s1970 ve 001 e spa
040 ## - FUENTE DE LA CATALOGACIÓN
Centro catalogador/agencia de origen DO-SdBNP
Lengua de catalogación spa
Centro/agencia transcriptor BNPHU
082 ## - NÚMERO DE LA CLASIFICACIÓN DECIMAL DEWEY
Número de clasificación V864.4408
Número de documento/Ítem E74v
100 1# - ENTRADA PRINCIPAL--NOMBRE DE PERSONA
Nombre de persona Escovar Salóm, Ramón
9 (RLIN) 4657
245 13 - MENCIÓN DE TÍTULO
Título La ventana de papel :
Resto del título crónicas, ensayos y discursos /
Mención de responsabilidad, etc. Ramón Escovar Salóm.
260 ## - PUBLICACIÓN, DISTRIBUCIÓN, ETC.
Lugar de publicación, distribución, etc. Caracas :
Nombre del editor, distribuidor, etc. Monte Ávila,
Fecha de publicación, distribución, etc. 1970.
300 ## - DESCRIPCIÓN FÍSICA
Extensión 336 p. ;
Dimensiones 18 cm.
490 1# - MENCIÓN DE SERIE
Mención de serie Continente
650 #4 - PUNTO DE ACCESO ADICIONAL DE MATERIA--TÉRMINO DE MATERIA
Término de materia o nombre geográfico como elemento de entrada Ensayos venezolanos
Subdivisión general Colecciones
9 (RLIN) 8889
650 #4 - PUNTO DE ACCESO ADICIONAL DE MATERIA--TÉRMINO DE MATERIA
Término de materia o nombre geográfico como elemento de entrada Literatura venezolana
Subdivisión general Colecciones
9 (RLIN) 8890
830 #0 - PUNTO DE ACCESO ADICIONAL DE SERIE-TÍTULO UNIFORME
Título uniforme Continente
9 (RLIN) 5070
Holdings
Estado de retiro Estado de pérdida Restricciones de uso No para préstamo Código de colección Localización permanente Ubicación/localización actual Ubicación en estantería Fecha de adquisición Número de inventario Total de préstamos Signatura topográfica completa Código de barras Fecha visto por última vez Precio válido a partir de Tipo de ítem Koha Número de copia
    Préstamo interno   Monografías: Libros y Folletos General General En catalogación 08.07.2009 LF1   V864.4408 E74v 2813-40 25.06.2020 25.06.2020 Préstamo interno  
    Préstamo restringido Préstamo restrigido Monografías: Libros y Folletos General General En catalogación 08.07.2009 LF1   V864.4408 E74v 2813-60 25.06.2020 25.06.2020 Préstamo interno e.2

Powered by Koha